Eudora Welty

Gardado en:
Detalles Bibliográficos
Autor Principal: Kieft, Ruth M. Vande (Author)
Formato: Libro
Idioma:inglés
Publicado: Boston Twayne Publishers 1962
Series:Twayne's United States Authors Series. TUSAS, 15
Subjects:
Tags: Engadir etiqueta
Sen Etiquetas, Sexa o primeiro en etiquetar este rexistro!

MARC

LEADER 00000nam a2200000 a 4500
001 UCQ2522
003 CL-VaPUC
008 980724e19620000US |||||||||||||||||eng|d
082 0 4 |a 813.09  |b KIE  |2 21 
100 0 |a Kieft, Ruth M. Vande  |e author  |9 416457 
245 1 0 |a Eudora Welty 
300 |a 205 p 
942 |c BK 
945 |d 19980724 00:00:00  |a crobeson 
260 |a Boston  |b Twayne Publishers  |c 1962 
600 0 7 |a WELTY, EUDORA  |2 CL-VaPUC  |9 371535 
650 7 |a NOVELA ESTADOUNIDENSE  |2 CL-VaPUC  |9 266286 
650 0 |a Literatura estadounidense  |9 317168 
650 0 |a Crítica e interpretación   |9 255042 
650 0 |a Crítica literaria   |9 269189 
583 |a last modification  |c 19980724 00:00:00  |k Rodrigo Vera 
490 0 |a Twayne's United States Authors Series. TUSAS, 15 
999 |c 273340  |d 273338 
952 |0 0  |1 0  |4 0  |6 813_090000000000000_KIE_1962  |7 0  |8 A  |9 308797  |a BIBEDU  |b BIBEDU  |d 2019-11-20  |i 1448528  |o 813.09 KIE 1962  |p 1448528  |r 2019-11-20  |w 2019-11-20  |y BK  |k LIT